| 000 | 00629nam a22001817a 4500 | ||
|---|---|---|---|
| 005 | 20251108165456.0 | ||
| 008 | 250721s1998 xx 000 0 ara d | ||
| 082 | 1 | 4 | _aم/956.504/علب |
| 100 | 1 |
_aأبو علبة، محمد عبد الله _eمحرر |
|
| 245 | 1 | 0 | _aالنطق السامي 1952-1998 لجلالة الملك الحسين بن طلال المعظم حول شؤون الصحافة و الإعلام / |
| 264 | 1 |
_aعمان : _c1998. |
|
| 300 | _a206ص. | ||
| 650 | 1 | 7 | _aالتاريخ السياسي |
| 650 | 1 | 7 | _aالأردن |
| 650 | 1 | 7 | _aالخطب السياسية |
| 942 |
_2ddc _cREF |
||
| 999 |
_c28829 _d28829 |
||